<?xml version="1.0" encoding="UTF-8"?>
<collection xmlns:xsi="http://www.w3.org/2001/XMLSchema-instance" xsi:schemaLocation="http://www.loc.gov/MARC21/slim http://www.loc.gov/standards/marcxml/schema/MARC21slim.xsd" xmlns="http://www.loc.gov/MARC21/slim">
 <record>
  <leader>00000cam a22000004a 4500</leader>
  <controlfield tag="001">UP-99796217610203043</controlfield>
  <controlfield tag="003">Buklod</controlfield>
  <controlfield tag="005">20120209142040.0</controlfield>
  <controlfield tag="006">t     r    |||| u|</controlfield>
  <controlfield tag="007">ta</controlfield>
  <controlfield tag="008">120209s2005    xx     d     r    |||| u|</controlfield>
  <datafield tag="020" ind1=" " ind2=" ">
   <subfield code="a">3937718419</subfield>
  </datafield>
  <datafield tag="035" ind1=" " ind2=" ">
   <subfield code="a">(iLib)UPD-00183806046</subfield>
  </datafield>
  <datafield tag="040" ind1=" " ind2=" ">
   <subfield code="a">IAY</subfield>
   <subfield code="d">DCHE</subfield>
  </datafield>
  <datafield tag="041" ind1="1" ind2=" ">
   <subfield code="a">eng</subfield>
   <subfield code="a">fre</subfield>
   <subfield code="a">ger</subfield>
   <subfield code="a">ita</subfield>
   <subfield code="a">spa</subfield>
   <subfield code="h">ger</subfield>
  </datafield>
  <datafield tag="042" ind1=" " ind2=" ">
   <subfield code="a">DMLUC</subfield>
  </datafield>
  <datafield tag="090" ind1=" " ind2=" ">
   <subfield code="a">NK 1482 A1</subfield>
   <subfield code="b">Y68 2005</subfield>
  </datafield>
  <datafield tag="245" ind1="0" ind2="0">
   <subfield code="a">Young Asian designers, including Australia.</subfield>
  </datafield>
  <datafield tag="264" ind1=" " ind2="1">
   <subfield code="a">New York</subfield>
   <subfield code="b">Daab</subfield>
   <subfield code="c">c2005.</subfield>
  </datafield>
  <datafield tag="300" ind1=" " ind2=" ">
   <subfield code="a">399 p.</subfield>
   <subfield code="b">chiefly ill. (chiefly col.), ports.</subfield>
  </datafield>
  <datafield tag="500" ind1=" " ind2=" ">
   <subfield code="a">Chiefly in English; introduction in English, French, German, Italian and Spanish.</subfield>
  </datafield>
  <datafield tag="650" ind1=" " ind2="0">
   <subfield code="a">Design</subfield>
   <subfield code="z">Asia</subfield>
   <subfield code="x">History</subfield>
   <subfield code="y">20th century.</subfield>
  </datafield>
  <datafield tag="650" ind1=" " ind2="0">
   <subfield code="a">Design</subfield>
   <subfield code="z">Asia</subfield>
   <subfield code="x">History</subfield>
   <subfield code="y">21st century.</subfield>
  </datafield>
  <datafield tag="650" ind1=" " ind2="0">
   <subfield code="a">Design</subfield>
   <subfield code="z">Australia</subfield>
   <subfield code="x">History</subfield>
   <subfield code="y">20th century.</subfield>
  </datafield>
  <datafield tag="650" ind1=" " ind2="0">
   <subfield code="a">Design</subfield>
   <subfield code="z">Australia</subfield>
   <subfield code="x">History</subfield>
   <subfield code="y">21st century.</subfield>
  </datafield>
  <datafield tag="905" ind1=" " ind2=" ">
   <subfield code="a">FO</subfield>
  </datafield>
  <datafield tag="950" ind1=" " ind2=" ">
   <subfield code="a">Pictorial</subfield>
  </datafield>
  <datafield tag="852" ind1="0" ind2=" ">
   <subfield code="a">UPD</subfield>
   <subfield code="b">DCHE</subfield>
   <subfield code="h">NK 1482 A1</subfield>
   <subfield code="i">Y68 2005</subfield>
  </datafield>
  <datafield tag="942" ind1=" " ind2=" ">
   <subfield code="a">Book</subfield>
  </datafield>
 </record>
</collection>
